Normal view
MARC view
Entry Personal Name
001 - CONTROL NUMBER
- control field: 7016
003 - CONTROL NUMBER IDENTIFIER
- control field: ARRUPE
005 - DATE AND TIME OF LATEST TRANSACTION
- control field: 20140123164455.0
008 - FIXED-LENGTH DATA ELEMENTS
- fixed length control field: 140123|| aca||aabn | a|a d
040 ## - CATALOGING SOURCE
- Original cataloging agency: ARRUPE
- Transcribing agency: ARRUPE
100 ## - HEADING--PERSONAL NAME
- Personal name: Jung, C. G.
- Fuller form of name: (Carl Gustav),
- Dates associated with a name: 1875-1961.
670 ## - SOURCE DATA FOUND
- Source citation: Work cat.: (ARRUPE)0: Young-Eisendrath, Polly 7014, The Cambridge companion to Jung, 2008.